Nuevas sendas : primer libro de lectura corriente
Salvato in:
| Autore principale: | |
|---|---|
| Natura: | eBook |
| Lingua: | spagnolo |
| Pubblicazione: |
Buenos Aires :
[1937?].
|
| Edizione: | 2ª ed. |
| Catalogo: | BNM: Risultati della ricerca del catalogo della biblioteca |
| Libro di testo Classificazione: |
|
| Soggetti: | |
| Accesso online: | http://www.bnm.me.gov.ar/ebooks/reader/reader.php?inv=00079505&mon=0 |
| Tags: |
Aggiungi Tag
Nessun Tag, puoi essere il primo ad aggiungerne!!
|
| Aggiunto a: | 2004-11-30 |
| Cambiato in: | 2022-02-18 |
MARC
| LEADER | 00000cam a22000004a 4500 | ||
|---|---|---|---|
| 003 | AR-BaBNM | ||
| 005 | 20220219005738.0 | ||
| 007 | ta | ||
| 007 | cr ||||||||||| | ||
| 008 | 041201q1937 ag ||||b |||||||||||spa|d | ||
| 035 | |a 000094098 | ||
| 040 | |a AR-BaBNM |b spa | ||
| 080 | |a 372.4 | ||
| 100 | 1 | |a Méndez Sierra, Nicolás | |
| 245 | 1 | 0 | |a Nuevas sendas : |b primer libro de lectura corriente / |c Nicolás Méndez Sierra. |
| 250 | |a 2ª ed. | ||
| 260 | |a Buenos Aires : |b Independencia, |c [1937?]. | ||
| 300 | |a 126 p. : |b il. | ||
| 500 | |a En portada: 'Aprobado por el Consejo Nac. de Educación' | ||
| 655 | 4 | |a Libros de lectura | |
| 650 | 4 | |a ENSEÑANZA DE LA LECTURA |9 7753 |a Enseñanza de la lengua |9 7754 | |
| 856 | 4 | 0 | |u http://www.bnm.me.gov.ar/ebooks/reader/reader.php?inv=00079505&mon=0 |u http://www.bnm.me.gov.ar/giga1/libros/00079505/00079505.pdf |q PDF (129 p.) |
| 997 | |a LIJ | ||
| 942 | |2 udc |c LIBRO | ||
| 999 | |c 123721 |d 123721 | ||
| 994 | |a DIGI-2016 | ||
| 999 | |c KOHA-OAI-TEST:123721 |d 123721 | ||